| 000 | 00648nam a2200217Ia 4500 | ||
|---|---|---|---|
| 003 | OSt | ||
| 005 | 20230926154326.0 | ||
| 008 | 210210b1996 xxu||||| |||| 00| 0 eng d | ||
| 020 | _a81 203 0877 8 | ||
| 040 | _cALEng | ||
| 082 | _a658.8 KOTM | ||
| 100 |
_aKOTLER (Philip). _9135232 |
||
| 245 | _aMarketing management: analysis, planning, implementation and control. | ||
| 250 | _a8 | ||
| 260 |
_aNew Delhi. _bPrentice-Hall of India Private Limited _c1996 |
||
| 300 | _axxix,801 | ||
| 650 |
_aMarketing Management, AnalysisPlanning, Implementation, Control _9135233 |
||
| 690 |
_aMarketing Managem _9135234 |
||
| 906 | _a051 | ||
| 942 |
_2ddc _cBK |
||
| 999 |
_c99913 _d99913 |
||